000 00733cab a2200205 4500
001 WB2644-37
008 090401t1990 xxu||||| |||| 00| 0 eng d
035 _a(Sirsi) u15259
041 _aeng
245 _aPostgraduate centre for surveying
260 _c1990
350 _a0
490 _aRICS Press Release
_vno PR151/90 7 November 1990 3 pages
520 _aA new postgraduate centre at Fitzwilliam College , Cambridge , is to be set up with a donation from Peter Wilson to attract students of high calibre to the surveying profession.
650 _aCAREERS, EDUCATION AND TRAINING
650 _aRICS EDUCATION TRUST
690 _aMANAGEMENT-BUSINESS MANAGEMENT-PROFESSIONAL PRACTICE
942 _n0
948 _c04/03/1997
999 _c9983
_d9983